| 000 | 00777cab a2200205 4500 | ||
|---|---|---|---|
| 001 | WB3015-05 | ||
| 008 | 090401t1994 xxu||||| |||| 00| 0 eng d | ||
| 035 | _a(Sirsi) u30151 | ||
| 041 | _aeng | ||
| 245 | _aSubsidence pledges | ||
| 260 | _c1994 | ||
| 350 | _a0 | ||
| 490 |
_aTimes _v20 April 1994, 26(1) |
||
| 520 | _aGuarantees and warranties issued by firms of contractors for underpinning homes suffering subsidence are worth little more than the paper they are written on, according to a report from the Institute of Structural Engineers, because building firms so frequently go out of business. | ||
| 650 | _aCERTIFICATE OF STRUCTURAL ADEQUACY | ||
| 650 | _aINSTITUTE OF STRUCTURAL ENGINEERS | ||
| 690 | _aBUILT ENVIRONMENT | ||
| 942 | _n0 | ||
| 948 | _c04/03/1997 | ||
| 999 |
_c20312 _d20312 |
||